000 00304nam a22001217a 4500
020 _a0-07-044095-6
082 _a519.72 MUR'A
100 _aMURTAGH, B.A
_974155
245 _aADVANCED LINEAR PROGRAMMING COMPUTTAION AND PRACTICE
260 _aNEWYORK
_bMCGRAW HILL
_c1981
300 _a202P
942 _cBK
999 _c579720
_d579720